000 00656nam a2200229Ia 4500
003 OSt
005 20240628143532.0
008 210716s2017 xx 000 0 und d
020 _a9789352770144
040 _cAIMIT LIBRARY
041 _aeng
082 _a374.22
_21
_bRAJR
100 _aRajan, Raghuram G.
_9171940
245 _aI do what i do /
_cBy Raghuram G Rajan.
250 _a1st ed.
260 _aNew Delhi ;
_bThomson Press India Ltd ,
_c2017.
300 _axvi,325p. ;
_bPB
_c24 cm
650 _aFinancial inclusion
_9171941
650 _aRBI matters
_9171942
650 _aOccasional pieces
_9171943
942 _2ddc
_cBK
_e1st
_k374.22 RAJR
999 _c210438
_d210438